000 01168nam a2200409 a 4500
001 20424
003 VRT
005 20260122130339.0
008 960531q1995 xo p 000 1 slo c
020 _a8088834007 (brož.)
035 _aUKB000184604
040 _aBAA001
_bslo
_cBAA001
_eAACR2
041 1 _aslo
044 _axo
_cSK
080 _a82-93-34
080 _a82-93-343
243 1 0 _aStaroveká literatúra
245 1 0 _aStvorenie
_blegendy a mýty o stvorení sveta a človeka
260 _aRohovce
_bInterpopulart Slovakia
_c[1995]
300 _a97 s
490 1 _aPopulart. Študentská knižnica
_v1
500 _aStaroveká literatúra
504 _aBibliogr. s. 96
650 0 7 _aliteratúra svetová
650 0 7 _amýty
650 0 7 _alegendy
650 0 7 _aliteratúra pre deti a mládež
653 _a82-93-34
653 _a82-93-343
760 1 _tPopulart. Študentská knižnica
830 0 _aPopulart. Študentská knižnica
_v1
910 _aukb
942 _2ddc
_cKLDO
_n0
949 _61800004761
_a30.D.64310
_bPV.1817-96
949 _61800004760
_aSL.D.23150
_bPV.1818-96
949 _61800006898
_a30.D.64310
_bKD.163-96
999 _c20424
_d20424